Plan Colombia : (Registro nro. 1298)

Detalles MARC
000 -LEADER
fixed length control field 03217nam a2200409Ia 4500
003 - CONTROL NUMBER IDENTIFIER
control field CO-CtgCURN
005 - DATE AND TIME OF LATEST TRANSACTION
control field 20250930210704.0
008 - FIXED-LENGTH DATA ELEMENTS--GENERAL INFORMATION
fixed length control field 190722s2001 xx 000 0 und d
020 ## - INTERNATIONAL STANDARD BOOK NUMBER
International Standard Book Number 9587010418
040 ## - CATALOGING SOURCE
Original cataloging agency CO-CtgCURN
Language of cataloging spa
Transcribing agency coctgcurn
082 ## - DEWEY DECIMAL CLASSIFICATION NUMBER
Classification number 322.42
Item number P699p
245 #0 - TITLE STATEMENT
Title Plan Colombia :
Remainder of title ensayos críticos /
Statement of responsibility, etc. editor., Jairo Estrada Álvarez; autores., Libardo Sarmiento Anzola [y otros diez,etc...] prólogo., Víctor Manuel Moncayo Cruz
250 ## - EDITION STATEMENT
Edition statement 1 edición
260 ## - PUBLICATION, DISTRIBUTION, ETC.
Place of publication, distribution, etc. Bogotá, Colombia :
Name of publisher, distributor, etc. Universidad Nacional de Colombia;
-- Facultad de Derecho, Ciencias Políticas y Sociales,
Date of publication, distribution, etc. 2001
300 ## - PHYSICAL DESCRIPTION
Extent 367 páginas ;
Dimensions 23 centímetros
500 ## - GENERAL NOTE
General note Incluye prólogo e índice
504 ## - BIBLIOGRAPHY, ETC. NOTE
Bibliography, etc. note Incluye referencias bibliográficas
505 ## - FORMATTED CONTENTS NOTE
Formatted contents note Pte. I. Fundamentos del plan Colombia -- Elementos de economía política -- Conflicto, intervención y economía política de la guerra -- Nuevo modelo de dominación colonial -- Colisión de intereses jurídicos protegidos -- El impacto de las fumigaciones aéreas -- El sistema de alertas tempranas como mecanismo de guerra -- Pte. II. Globalizacion, geopolitica y relaciones internacionales -- Consideraciones de geopolitica -- Un aguerra social de la globalización -- El neointervencionismo y la pax americana -- La guerra contra las drogas: las relaciones Colombia - Estados Unidos durante la administración Pastrana -- La nueva internacionalización del conflicto y los procesos de paz -- Pte. III. Guerra, negociación política y proceso de paz -- Intervencion, guerra y proceso de negociación -- Guerra social de media intensidad -- Cultivos ilicitos, conflicto y proceso de paz -- Los efectos sobre la guerra y la paz -- Las perspectivas del proceso de negociación.
520 ## - SUMMARY, ETC.
Summary, etc. La utilidad del contenido de estos escritos reside, en que supera las simples consideraciones de apreciación superficial, que en muchos casos recogen lugares comunes, cuando no consignas o frases estereotipadas, para abordar la problemática de manera rigurosa, con abundante información factual tanto nacional como externa. Estan estos ensayos destinados no solamente al medico académico, sino a las organizaciones y sujetos afectados o interesados en los procesos que ya avanzan progresivamente y que, como es bien conocido, han tenido efectos muy significativos en los paises vecinos y de la región latinoamericana en general.
521 ## - TARGET AUDIENCE NOTE
Target audience note AREA SOCIOHUMANISTICA
590 ## - LOCAL NOTE (RLIN)
Local note Programa de Derecho_18
650 ## - SUBJECT ADDED ENTRY--TOPICAL TERM
Topical term or geographic name entry element Control de drogas y narcóticos
Geographic subdivision Colombia
700 ## - ADDED ENTRY--PERSONAL NAME
Personal name Estrada Álvarez, Jairo
Relator term editor
700 ## - ADDED ENTRY--PERSONAL NAME
Personal name Sarmiento Anzola, Libardo
Relator term autor
700 ## - ADDED ENTRY--PERSONAL NAME
Personal name Libreros Caicedo, Daniel
Relator term autor
700 ## - ADDED ENTRY--PERSONAL NAME
Personal name Galán Castellanos, Hernán
Relator term autor
700 ## - ADDED ENTRY--PERSONAL NAME
Personal name Mejía Garcia, Nubia Esperanza
Relator term autora
700 ## - ADDED ENTRY--PERSONAL NAME
Personal name Ortiz Palacios, Iván David
Relator term autor
700 ## - ADDED ENTRY--PERSONAL NAME
Personal name Petras, James
Relator term autor
700 ## - ADDED ENTRY--PERSONAL NAME
Personal name Caycedo Turriago, Jaime
Relator term autor
700 ## - ADDED ENTRY--PERSONAL NAME
Personal name Sánchez, Ricardo
Relator term autor
700 ## - ADDED ENTRY--PERSONAL NAME
Personal name Tickner, Arlene
Relator term autora
700 ## - ADDED ENTRY--PERSONAL NAME
Personal name Romero, Marco Alberto
Relator term autor
700 ## - ADDED ENTRY--PERSONAL NAME
Personal name Moncayo Cruz, Víctor
Relator term prólogo
942 ## - ADDED ENTRY ELEMENTS (KOHA)
Koha item type Libros
Classification part 322.42
Item part P699p
Source of classification or shelving scheme Dewey Decimal Classification
Suppress in OPAC No
Existencias
Withdrawn status Lost status Damaged status Not for loan Collection Home library Current library Shelving location Date acquired Inventory number Total checkouts Full call number Barcode Date last seen Copy number Price effective from Koha item type
        General Miguel Henríquez Castañeda Barranquilla Miguel Henríquez Castañeda Barranquilla General 05/23/2018 02640   322.42 P699p 02640 07/22/2019 ej.1 07/22/2019 Libros